000 00710nam a22002057a 4500
005 20220423121329.0
008 220420b ||||| |||| 00| 0 eng d
040 _cAloy
041 _aeng
082 _223
_a304.954
_bINDC
100 _aGovernment of India
_931341
245 _aConference of state population commissions councils held on 25th september 2002 in New Delhi:
_bProceedings and an overview of the demographic scenario in India
260 _aNew Delhi
_bNational Commission on Population
_c2002
300 _a275 p.
_bPB
_c24x18 cm
365 _2Sociology
650 _aPopulation
_930661
650 _aDemographic Scenario
_930662
700 _aINDIA (Government of)
_930663
942 _2ddc
_cGF
999 _c222523
_d222523